[Event "Elite Hotels Open 2019"]
[Site "Vaxjo"]
[Date "2019.02.09"]
[Round "6.2"]
[White "Kucuksari, Kaan"]
[Black "Hillarp Persson, Tiger"]
[Result "0-1"]
[WhiteElo "2301"]
[BlackElo "2558"]
[Annotator "ChessBase"]
[PlyCount "102"]
[EventDate "2019.02.08"]
[EventType "swiss"]
[EventCountry "SWE"]
[SourceTitle "playchess.com"]
[Source "ChessBase"]
[SourceQuality "1"]
[TimeControl "5400+30"]

1. d4 {[%emt 0:00:00]} Nf6 {[%emt 0:00:59]} 2. Nf3 {[%emt 0:00:00]} e6 {[%emt 0:00:06]} 3. c4 {[%emt 0:00:00]} c5 {[%emt 0:00:10]} 4. d5 {[%emt 0:00:03]} d6 {[%emt 0:00:12]} 5. Nc3 {[%emt 0:00:05]} exd5 {[%emt 0:00:05]} 6. cxd5 {[%emt 0:00:06]} g6 {[%emt 0:00:07]} 7. Bf4 {[%emt 0:00:08]} Bg7 {[%emt 0:00:34]} 8. Qa4+ {[%emt 0:00:13]} Bd7 {[%emt 0:00:07]} 9. Qb3 {[%emt 0:00:03]} Qc7 {[%emt 0:00:08]} 10. h3 {[%emt 0:00:22]} O-O {[%emt 0:00:27]} 11. e3 {[%emt 0:00:06]} Na6 {[%emt 0:00:07]} 12. Be2 {[%emt 0:08:08]} Rab8 {[%emt 0:06:28]} 13. a4 {[%emt 0:00:32]} Nb4 {[%emt 0:00:41]} 14. O-O {[%emt 0:03:12]} a6 {[%emt 0:05:10]} 15. Nd2 {[%emt 0:05:46]} Rfe8 {[%emt 0:03:17]} 16. a5 {[%emt 0:04:48]} Bf5 {[%emt 0:18:36]} 17. Rfc1 {[%emt 0:05:18]} Qe7 {[%emt 0:01:00]} 18. g4 {[%emt 0:07:17]} Bd3 {[%emt 0:04:25]} 19. Bf3 {[%emt 0:06:38]} b5 {[%emt 0:06:27]} 20. axb6 {[%emt 0:07:26]} Rxb6 {[%emt 0:00:25]} 21. Nc4 {[%emt 0:03:42]} Bxc4 {[%emt 0:00:08]} 22. Qxc4 {[%emt 0:00:05]} Nd7 {[%emt 0:00:29]} 23. Be2 {[%emt 0:03:33]} Ne5 {[%emt 0:20:29]} 24. Qe4 {[%emt 0:02:58]} Qf8 {[%emt 0:00:06]} 25. Qb1 {[%emt 0:01:49]} f5 {[%emt 0:01:17]} 26. Kg2 {[%emt 0:05:44]} Qf7 {[%emt 0:04:09]} 27. Rd1 {[%emt 0:01:33]} c4 {[%emt 0:09:41]} 28. Ra4 {[%emt 0:12:41]} Ned3 {[%emt 0:07:13]} 29. Bxd3 {[%emt 0:00:52]} cxd3 {[%emt 0:00:11]} 30. Rxd3 {[%emt 0:09:43]} Nxd3 {[%emt 0:02:19]} 31. Qxd3 {[%emt 0:00:03]} Rxb2 {[%emt 0:00:35]} 32. gxf5 {[%emt 0:01:08]} Rb3 {[%emt 0:02:59]} 33. fxg6 {[%emt 0:00:09]} Qf6 {[%emt 0:00:44]} 34. gxh7+ {[%emt 0:01:06]} Kh8 {[%emt 0:00:16]} 35. Qxa6 {[%emt 0:02:32]} Rxc3 {[%emt 0:00:48]} 36. Qxd6 {[%emt 0:00:16]} Qf5 {[%emt 0:01:59]} 37. Bg3 {[%emt 0:01:56]} Rd3 {[%emt 0:00:31]} 38. Rf4 {[%emt 0:04:24]} Qxd5+ {[%emt 0:00:07]} 39. Qxd5 {[%emt 0:00:04]} Rxd5 {[%emt 0:00:07]} 40. Rh4 {[%emt 0:02:48]} Rd2 {[%emt 0:00:33]} 41. Rh5 {[%emt 0:01:07]} Ra2 {[%emt 0:01:18]} 42. Kf3 {[%emt 0:01:25]} Ra4 {[%emt 0:00:18]} 43. Bf4 {[%emt 0:00:39]} Re7 {[%emt 0:00:16]} 44. Kg4 {[%emt 0:00:59]} Be5 {[%emt 0:01:55]} 45. h4 {[%emt 0:00:27]} Bxf4 {[%emt 0:00:18]} 46. exf4 {[%emt 0:00:03]} Rf7 {[%emt 0:00:16]} 47. Rf5 {[%emt 0:01:01]} Rxf5 {[%emt 0:00:11]} 48. Kxf5 {[%emt 0:00:05]} Kxh7 {[%emt 0:00:07]} 49. Kg5 {[%emt 0:00:14]} Kg7 {[%emt 0:00:35]} 50. h5 {[%emt 0:00:24]} Ra1 {[%emt 0:00:37]} 51. h6+ {[%emt 0:00:51]} Kf7 {[%emt 0:00:09]} 0-1

[Event "Elite Hotels Open 2019"]
[Site "Vaxjo"]
[Date "2019.02.09"]
[Round "6.3"]
[White "Westerberg, Jonathan"]
[Black "Seo, Jung Min"]
[Result "0-1"]
[WhiteElo "2544"]
[BlackElo "2368"]
[Annotator "TA"]
[PlyCount "222"]
[EventDate "2019.02.08"]
[EventType "swiss"]
[EventCountry "SWE"]
[SourceTitle "playchess.com"]
[Source "ChessBase"]
[SourceQuality "1"]

{[%evp 11,222,12,0,0,0,0,1,-15,-20,-16,0,-14,-4,-1,14,17,26,28,47,43,55,47,68,0,0,0,0,0,56,0,1,0,50,50,66,39,47,46,90,90,86,19,111,124,181,0,0,0,224,204,239,228,237,156,273,276,353,329,356,0,0,0,0,-79,-116,-143,-106,-115,-51,-51,-37,-77,11,33,136,138,364,165,166,167,162,159,166,163,1228,-41,-35,-77,-48,-61,-2,-65,81,79,78,-80,-79,-238,-252,-252,-247,-471,-461,-465,-468,-502,-509,-580,-558,-559,-487,-547,-554,-630,-629,-565,-478,-455,-447,-462,-452,-472,-492,-482,-484,-487,-477,-560,-522,-621,-615,-589,-601,-745,-747,-684,-668,-672,-634,-591,-585,-566,-582,-573,-569,-617,-623,-608,-600,-595,-595,-556,-543,-578,-577,-596,-564,-717,-707,-670,-472,-886,-849,-853,-827,-762,-704,-693,-685,-1049,-948,-898,-885,-716,-704,-898,-620,-898,-799,-698,-698,-687,-633,-626,-618,-611,-608,-12796,-1084,-11212,-11324,-1136,-3167,-1912,-922,-29974,-29975,-12801,-5081,-800,-376,-795,-730,-730,-614,-5903,-4870,-29962,-29963,-29990,-29991,-29997,-29998]} 1. Nf3 Nf6 2. d4 e6 3. e3 d5 4. Bd3 c5 5. c3 Nbd7 6. Nbd2 Be7 7. Ne5 {D05: Colle System with ...e6} Qc7 8. f4 b6 9. Qf3 {The position is equal.} Bb7 10. O-O a6 (10... Rf8 11. a4 O-O-O 12. a5 bxa5 13. Qe2 c4 14. Bc2 Nxe5 15. fxe5 {1-0 (41) Kovalenko,I (2653)-Smirnov,A (2446) Tallinn 2015}) 11. g4 g6 12. Rb1 $146 ({Predecessor:} 12. Rf2 O-O {0-1 (27) Rautenberg,R (1730)-Zoratti,S Santa Rosa 2015}) 12... Bd6 13. b4 {Threatens to win with bxc5.} c4 14. Bc2 Rf8 15. a4 O-O-O 16. b5 a5 17. Nc6 (17. e4 $14) 17... Bxc6 $11 18. bxc6 Qxc6 19. e4 Be7 (19... dxe4 $11 20. Bxe4 Nxe4 21. Nxe4 Be7) 20. e5 (20. g5 $14) 20... Ne8 21. Qh3 Rh8 (21... h5 $5) 22. f5 gxf5 23. gxf5 exf5 24. Nf3 Ng7 25. Bh6 Ne6 26. Bxf5 (26. Kh1 $16) 26... Rdg8+ (26... Rhg8+ $11 {remains equal.} 27. Kh1 Qxa4) 27. Kh1 $16 Bf8 (27... Rg6 $16 28. Rb5 (28. Bxg6 hxg6 29. Ng1 Bg5 $17) 28... Nc7) 28. Rg1 $2 (28. Bxf8 $18 Rxf8 29. Rb5) 28... Rxg1+ $11 29. Rxg1 Kc7 $2 (29... Bxh6 $11 30. Qxh6 Nxd4) 30. Bd2 {[%mdl 1024] White has strong compensation.} Be7 31. Qh5 Nd8 32. Bc2 Nf8 {[#]} (32... h6 $16 {was called for.} 33. Nh4 Bxh4 34. Qxh4 Re8) 33. e6 $1 $18 {[%mdl 512]} f6 (33... Qxe6 34. Bf5) 34. Rg7 {[%mdl 64] Double Attack} Qd6 35. Rxe7+ $2 ({White has to play} 35. Be1 $1 $18 {[%cal Re1g3]} Nfxe6 36. Bg3) 35... Qxe7 $11 36. Qxd5 {White threatens Bf4+ and mate.} Nfxe6 37. Qxc4+ (37. Be1 $11 {keeps the balance.} Kb8 38. Be4 (38. Qxc4 Ka7 $15)) 37... Kb8 $17 38. Qb5 Qb7 39. Qf5 Qg7 ({Black should play} 39... Ka7 $17 40. d5 Nc5) 40. Be1 $1 $15 Ka7 41. d5 Nc7 (41... Nc5 $17 42. Qf4 Ka8) 42. Bg3 $36 {[%mdl 2048] Nd4 is the strong threat. White has good play.} Qf7 ({Black should try} 42... Na6 $14) 43. c4 $16 {Black must now prevent Nd4.} Nb7 $2 (43... Rg8 $16) 44. Nd4 (44. Ne5 $142 Qg7 45. Nc6+ Ka8 46. d6) 44... Ka8 $18 45. d6 Na6 46. Qb5 $1 {[%csl LRa6,LRb6][%cal Rb5a6]} Nac5 {[#]} 47. Be4 $1 {[%cal Re4d5][%mdl 512]} Qe8 $2 ({Inferior is} 47... Nxe4 48. Qa6+ Kb8 49. Nc6+ Kc8 50. Qa8+ Kd7 51. Qxb7+ Ke8 52. Qc8#) (47... Qh5 48. Bf3 Qh3) 48. Qxe8+ $2 (48. Bc6 $18 Qb8 49. d7) 48... Rxe8 $15 49. Bc6 Rd8 50. Nb5 f5 (50... h5 $15) 51. Bh4 (51. Bf4 $11) 51... Rg8 (51... Kb8 $1 $15 {keeps the upper hand.}) 52. d7 $16 Kb8 53. Bd5 $2 {[#]} (53. Bf6 $16 Rd8 54. Be5+ Ka8 55. Bd6) 53... Rf8 $1 $17 54. Bg3+ $2 (54. Bg5 $17 {was necessary.} f4 55. Be7 Nxd7 56. Bxf8 Nxf8 57. Kg2) 54... f4 $19 55. Bh4 Nxd7 56. Kg2 $2 (56. Be7) 56... Nf6 57. Bf3 Nc5 58. Nd4 Nfe4 59. Nc6+ Kc7 60. Ne7 Rf7 61. Nd5+ Kd6 62. Bh5 Rg7+ 63. Kf3 Nd2+ 64. Kxf4 Nxc4 65. Nc3 Rg2 66. Nb5+ Kd7 67. Bg4+ Ke8 68. Nc7+ Kf7 69. Bf3 Rxh2 70. Bd5+ Kg6 71. Be7 Rd2 72. Bc6 Rd4+ 73. Kg3 Kf7 74. Bh4 Ne4+ 75. Kg2 Nf6 76. Bf2 Rd6 77. Bb5 Ne5 78. Bg3 Rd2+ 79. Kh3 Neg4 80. Na8 Nf2+ 81. Bxf2 Rxf2 82. Nxb6 {[%mdl 4096] Endgame KRN-KBN} Ne4 83. Nc4 Nc3 84. Bc6 Rf4 85. Nxa5 Nxa4 86. Nc4 (86. Kg3 $142 Rd4 87. Nb3) 86... Nc5 87. Kg3 Rd4 ({Weaker is} 87... Rxc4 88. Bd5+ Kf6 89. Bxc4 $17) 88. Ne5+ Kf6 89. Nf3 Rd6 90. Bb5 Ne6 91. Bf1 Rb6 92. Nd2 Rb4 93. Nc4 Kg5 94. Ne5 Nd4 95. Nf7+ Kf6 96. Nd6 h6 97. Ne4+ Ke5 98. Nc5 {Strongly threatening Nd3+.} Nf5+ 99. Kh3 {Hoping for Nd3+.} Rh4+ 100. Kg2 Ne3+ 101. Kg3 Rg4+ 102. Kh3 Rg8 (102... Kf4 $142 103. Nd3+ Kg5) 103. Nd3+ Ke4 104. Be2 Nf5 (104... Nd5 $142 105. Kh2 Ke3) 105. Nc5+ Kd5 (105... Kf4 $142 {And now ...Rg3+ would win.} 106. Ne6+ Ke5) 106. Nd7 $2 (106. Bg4) 106... Rg3+ 107. Kh2 Kd4 108. Nf6 Rg6 109. Nh5 Ke3 {Black mates.} 110. Bc4 Rg4 111. Bf7 Kf2 {Accuracy: White = 39%, Black = 51%.} 0-1

[Event "Elite Hotels Open 2019"]
[Site "Vaxjo"]
[Date "2019.02.09"]
[Round "6.4"]
[White "Bellon Lopez, Juan Manuel"]
[Black "Hector, Jonny"]
[Result "1-0"]
[WhiteElo "2336"]
[BlackElo "2488"]
[Annotator "ChessBase"]
[PlyCount "199"]
[EventDate "2019.02.08"]
[EventType "swiss"]
[EventCountry "SWE"]
[SourceTitle "playchess.com"]
[Source "ChessBase"]
[SourceQuality "1"]
[TimeControl "5400+30"]

1. d4 {[%emt 0:00:00]} d5 {[%emt 0:00:00]} 2. Nf3 {[%emt 0:00:00]} Nf6 {[%emt 0:00:00]} 3. c4 {[%emt 0:00:47]} c6 {[%emt 0:00:01]} 4. e3 {[%emt 0:00:17]} Bf5 {[%emt 0:00:28]} 5. Nc3 {[%emt 0:00:14]} e6 {[%emt 0:00:25]} 6. Nh4 {[%emt 0:01:41]} Be4 {[%emt 0:02:56]} 7. f3 {[%emt 0:00:25]} Bg6 {[%emt 0:00:04]} 8. Qb3 {[%emt 0:01:01]} Qc7 {[%emt 0:01:05]} 9. Bd2 {[%emt 0:00:54]} Be7 {[%emt 0:00:21]} 10. Nxg6 {[%emt 0:01:33]} hxg6 {[%emt 0:00:05]} 11. O-O-O {[%emt 0:00:35]} dxc4 {[%emt 0:02:46]} 12. Bxc4 {[%emt 0:00:24]} a6 {[%emt 0:00:46]} 13. Ne4 {[%emt 0:02:39]} Nbd7 {[%emt 0:08:14]} 14. Kb1 {[%emt 0:01:03]} b5 {[%emt 0:06:44]} 15. Be2 {[%emt 0:00:07]} c5 {[%emt 0:03:52]} 16. Nxc5 {[%emt 0:02:24]} Nxc5 {[%emt 0:05:55]} 17. dxc5 {[%emt 0:00:32]} Bxc5 {[%emt 0:04:02]} 18. Rc1 {[%emt 0:08:47]} Qa7 {[%emt 0:02:55]} 19. Qc3 {[%emt 0:07:11]} Be7 {[%emt 0:02:04]} 20. Qc6+ {[%emt 0:00:43]} Kf8 {[%emt 0:01:14]} 21. Ba5 {[%emt 0:10:29]} Kg8 {[%emt 0:04:11]} 22. Bb6 {[%emt 0:00:41]} Qb8 {[%emt 0:00:06]} 23. Bc7 {[%emt 0:02:38]} Qf8 {[%emt 0:00:52]} 24. e4 {[%emt 0:00:21]} Qe8 {[%emt 0:10:20]} 25. Rhd1 {[%emt 0:04:11]} Kh7 {[%emt 0:00:22]} 26. g4 {[%emt 0:04:58]} Qxc6 {[%emt 0:04:46]} 27. Rxc6 {[%emt 0:00:08]} Rhc8 {[%emt 0:00:11]} 28. Rdc1 {[%emt 0:01:27]} g5 {[%emt 0:00:49]} 29. a4 {[%emt 0:01:59]} bxa4 {[%emt 0:06:12]} 30. Bxa6 {[%emt 0:02:39]} Rf8 {[%emt 0:02:32]} 31. R1c4 {[%emt 0:03:37]} Nd7 {[%emt 0:02:35]} 32. Rxa4 {[%emt 0:20:36]} Nb8 {[%emt 0:02:50]} 33. Rb6 {[%emt 0:02:21]} Nd7 {[%emt 0:00:07]} 34. Rc6 {[%emt 0:01:35]} Nb8 {[%emt 0:00:04]} 35. Bxb8 {[%emt 0:04:10]} Raxb8 {[%emt 0:00:08]} 36. Bd3 {[%emt 0:00:27]} Rb7 {[%emt 0:00:26]} 37. Rc2 {[%emt 0:03:47]} Rfb8 {[%emt 0:03:06]} 38. e5+ {[%emt 0:00:55]} Kh6 {[%emt 0:08:05]} 39. Be4 {[%emt 0:00:07]} Rb5 {[%emt 0:00:54]} 40. Ra7 {[%emt 0:00:19]} Bc5 {[%emt 0:00:11]} 41. Rxf7 {[%emt 0:01:25]} Bd4 {[%emt 0:01:49]} 42. Re7 {[%emt 0:01:47]} Rxb2+ {[%emt 0:00:53]} 43. Rxb2 {[%emt 0:00:14]} Rxb2+ {[%emt 0:00:13]} 44. Kc1 {[%emt 0:00:04]} Rb6 {[%emt 0:01:50]} 45. Re8 {[%emt 0:00:18]} g6 {[%emt 0:00:16]} 46. Rg8 {[%emt 0:00:17]} Kh7 {[%emt 0:00:21]} 47. Rxg6 {[%emt 0:00:16]} Kh8 {[%emt 0:00:15]} 48. Kc2 {[%emt 0:01:13]} Rb2+ {[%emt 0:01:04]} 49. Kd3 {[%emt 0:00:25]} Bxe5 {[%emt 0:00:09]} 50. Rxe6 {[%emt 0:01:08]} Bxh2 {[%emt 0:00:15]} 51. Rh6+ {[%emt 0:00:18]} Kg7 {[%emt 0:01:14]} 52. Rg6+ {[%emt 0:00:04]} Kf7 {[%emt 0:03:15]} 53. Rxg5 {[%emt 0:00:05]} Ke6 {[%emt 0:00:31]} 54. Bd5+ {[%emt 0:00:41]} Kd6 {[%emt 0:00:51]} 55. Bc4 {[%emt 0:00:51]} Rb1 {[%emt 0:02:56]} 56. Rf5 {[%emt 0:00:56]} Rd1+ {[%emt 0:01:52]} 57. Ke2 {[%emt 0:01:38]} Rd4 {[%emt 0:00:56]} 58. Bg8 {[%emt 0:00:47]} Ra4 {[%emt 0:03:58]} 59. g5 {[%emt 0:00:40]} Be5 {[%emt 0:00:21]} 60. g6 {[%emt 0:00:27]} Rf4 {[%emt 0:00:41]} 61. Rg5 {[%emt 0:01:56]} Bg7 {[%emt 0:00:48]} 62. Bf7 {[%emt 0:02:06]} Ra4 {[%emt 0:00:55]} 63. Rb5 {[%emt 0:00:24]} Ke7 {[%emt 0:00:31]} 64. Rb7+ {[%emt 0:00:30]} Kf6 {[%emt 0:00:06]} 65. Be8 {[%emt 0:00:19]} Ra8 {[%emt 0:00:04]} 66. Bf7 {[%emt 0:00:53]} Ra4 {[%emt 0:00:57]} 67. Kf2 {[%emt 0:00:39]} Bh6 {[%emt 0:01:06]} 68. Kg3 {[%emt 0:01:30]} Rd4 {[%emt 0:00:31]} 69. Rb6+ {[%emt 0:00:53]} Kg7 {[%emt 0:00:12]} 70. Kh3 {[%emt 0:01:11]} Rf4 {[%emt 0:01:02]} 71. Kg2 {[%emt 0:00:24]} Rd4 {[%emt 0:00:08]} 72. Bb3 {[%emt 0:00:55]} Bf4 {[%emt 0:00:26]} 73. Bf7 {[%emt 0:00:29]} Bh6 {[%emt 0:01:11]} 74. Be8 {[%emt 0:00:27]} Rd8 {[%emt 0:00:17]} 75. Re6 {[%emt 0:00:40]} Kf8 {[%emt 0:01:03]} 76. Bc6 {[%emt 0:00:16]} Kg7 {[%emt 0:00:21]} 77. Be4 {[%emt 0:00:28]} Rf8 {[%emt 0:00:45]} 78. Kg3 {[%emt 0:00:51]} Bg5 {[%emt 0:00:35]} 79. Kg4 {[%emt 0:00:32]} Bf6 {[%emt 0:00:42]} 80. f4 {[%emt 0:00:22]} Rb8 {[%emt 0:01:01]} 81. Rc6 {[%emt 0:01:02]} Re8 {[%emt 0:00:13]} 82. Kf5 {[%emt 0:00:17]} Bh4 {[%emt 0:00:27]} 83. Rc7+ {[%emt 0:00:28]} Re7 {[%emt 0:00:02]} 84. Rc8 {[%emt 0:00:17]} Rd7 {[%emt 0:01:05]} 85. Bc6 {[%emt 0:00:42]} Rd6 {[%emt 0:00:19]} 86. Rc7+ {[%emt 0:00:10]} Kg8 {[%emt 0:00:08]} 87. Be4 {[%emt 0:00:58]} Bd8 {[%emt 0:00:38]} 88. Rb7 {[%emt 0:00:53]} Bf6 {[%emt 0:01:14]} 89. Rf7 {[%emt 0:00:23]} Bc3 {[%emt 0:00:22]} 90. Bc2 {[%emt 0:00:32]} Rb6 {[%emt 0:00:11]} 91. Rc7 {[%emt 0:00:20]} Bb2 {[%emt 0:00:51]} 92. Bd3 {[%emt 0:00:14]} Kf8 {[%emt 0:00:36]} 93. Bc4 {[%emt 0:00:37]} Rb4 {[%emt 0:00:16]} 94. Kg5 {[%emt 0:01:02]} Ra4 {[%emt 0:00:48]} 95. Rf7+ {[%emt 0:00:43]} Kg8 {[%emt 0:00:01]} 96. Rb7+ {[%emt 0:00:13]} Rxc4 {[%emt 0:00:10]} 97. Rxb2 {[%emt 0:00:03]} Rc1 {[%emt 0:00:24]} 98. Rb7 {[%emt 0:00:08]} Kf8 {[%emt 0:00:21]} 99. f5 {[%emt 0:00:06]} Ra1 {[%emt 0:00:21]} 100. Rb8+ {[%emt 0:00:45]} 1-0

[Event "Elite Hotels Open 2019"]
[Site "Vaxjo"]
[Date "2019.02.09"]
[Round "6.5"]
[White "Blomqvist, Erik"]
[Black "Lindborg, Patrik"]
[Result "1-0"]
[WhiteElo "2483"]
[BlackElo "2210"]
[Annotator "ChessBase"]
[PlyCount "71"]
[EventDate "2019.02.08"]
[EventType "swiss"]
[EventCountry "SWE"]
[SourceTitle "playchess.com"]
[Source "ChessBase"]
[SourceQuality "1"]
[TimeControl "5400+30"]

1. e4 {[%emt 0:00:00]} c5 {[%emt 0:00:00]} 2. Nf3 {[%emt 0:00:00]} e6 {[%emt 0:00:00]} 3. c3 {[%emt 0:00:00]} d5 {[%emt 0:02:18]} 4. exd5 {[%emt 0:00:13]} Qxd5 {[%emt 0:00:11]} 5. d4 {[%emt 0:00:07]} Nf6 {[%emt 0:04:00]} 6. Na3 {[%emt 0:01:17]} Qd8 {[%emt 0:04:14]} 7. Bf4 {[%emt 0:06:34]} cxd4 {[%emt 0:13:34]} 8. Nxd4 {[%emt 0:02:47]} a6 {[%emt 0:10:39]} 9. Be2 {[%emt 0:06:40]} Nd5 {[%emt 0:08:08]} 10. Bg3 {[%emt 0:01:19]} Bd6 {[%emt 0:03:31]} 11. Bxd6 {[%emt 0:09:45]} Qxd6 {[%emt 0:02:24]} 12. Nc4 {[%emt 0:06:24]} Qc7 {[%emt 0:03:37]} 13. a4 {[%emt 0:01:36]} O-O {[%emt 0:04:21]} 14. a5 {[%emt 0:09:25]} Nd7 {[%emt 0:02:10]} 15. O-O {[%emt 0:03:46]} N7f6 {[%emt 0:07:06]} 16. Re1 {[%emt 0:02:59]} Bd7 {[%emt 0:01:37]} 17. Bf1 {[%emt 0:01:41]} Bb5 {[%emt 0:01:22]} 18. Qb3 {[%emt 0:01:47]} Bxc4 {[%emt 0:08:07]} 19. Bxc4 {[%emt 0:03:24]} Rfc8 {[%emt 0:04:00]} 20. Bf1 {[%emt 0:01:30]} Ng4 {[%emt 0:04:34]} 21. g3 {[%emt 0:00:45]} Ne5 {[%emt 0:00:40]} 22. Bg2 {[%emt 0:01:36]} Nc4 {[%emt 0:02:49]} 23. Bxd5 {[%emt 0:08:21]} exd5 {[%emt 0:00:05]} 24. Nf5 {[%emt 0:01:31]} Re8 {[%emt 0:03:46]} 25. Qb4 {[%emt 0:02:51]} Ne5 {[%emt 0:01:05]} 26. Qf4 {[%emt 0:05:00]} f6 {[%emt 0:02:12]} 27. Re3 {[%emt 0:01:40]} Qd7 {[%emt 0:01:38]} 28. Rd1 {[%emt 0:01:37]} Ng6 {[%emt 0:01:17]} 29. Qf3 {[%emt 0:01:55]} Rad8 {[%emt 0:02:19]} 30. Rxe8+ {[%emt 0:01:52]} Qxe8 {[%emt 0:00:17]} 31. Rxd5 {[%emt 0:00:45]} Ne5 {[%emt 0:02:36]} 32. Qd1 {[%emt 0:00:25]} Rb8 {[%emt 0:00:15]} 33. f4 {[%emt 0:02:32]} Nc4 {[%emt 0:00:53]} 34. Rd7 {[%emt 0:00:53]} Ne3 {[%emt 0:00:28]} 35. Qb3+ {[%emt 0:01:53]} Kh8 {[%emt 0:00:37]} 36. Re7 {[%emt 0:00:24]} 1-0

[Event "Elite Hotels Open 2019"]
[Site "Vaxjo"]
[Date "2019.02.09"]
[Round "6.6"]
[White "Lindh, Fredrik"]
[Black "Golubka, Petro"]
[Result "0-1"]
[WhiteElo "2244"]
[BlackElo "2471"]
[Annotator "ChessBase"]
[PlyCount "116"]
[EventDate "2019.02.08"]
[EventType "swiss"]
[EventCountry "SWE"]
[SourceTitle "playchess.com"]
[Source "ChessBase"]
[SourceQuality "1"]
[TimeControl "5400+30"]

1. e4 {[%emt 0:00:00]} e5 {[%emt 0:00:00]} 2. Nf3 {[%emt 0:00:03]} Nc6 {[%emt 0:00:00]} 3. Bb5 {[%emt 0:00:06]} a6 {[%emt 0:00:00]} 4. Ba4 {[%emt 0:00:07]} d6 {[%emt 0:00:12]} 5. c3 {[%emt 0:00:46]} f5 {[%emt 0:00:05]} 6. exf5 {[%emt 0:01:42]} Bxf5 {[%emt 0:00:03]} 7. O-O {[%emt 0:06:06]} Bd3 {[%emt 0:03:22]} 8. Re1 {[%emt 0:00:43]} Be7 {[%emt 0:00:15]} 9. Bc2 {[%emt 0:00:31]} Bxc2 {[%emt 0:00:04]} 10. Qxc2 {[%emt 0:00:04]} Nf6 {[%emt 0:00:03]} 11. d4 {[%emt 0:00:19]} e4 {[%emt 0:00:05]} 12. Ng5 {[%emt 0:00:46]} d5 {[%emt 0:00:05]} 13. Nd2 {[%emt 0:00:29]} h6 {[%emt 0:00:24]} 14. Nh3 {[%emt 0:01:15]} O-O {[%emt 0:00:22]} 15. f3 {[%emt 0:00:08]} exf3 {[%emt 0:00:13]} 16. Nxf3 {[%emt 0:00:05]} Bd6 {[%emt 0:08:56]} 17. Qf5 {[%emt 0:08:46]} Rf7 {[%emt 0:02:28]} 18. Bf4 {[%emt 0:09:34]} Bf8 {[%emt 0:08:23]} 19. Ne5 {[%emt 0:33:15]} Nxe5 {[%emt 0:00:56]} 20. Bxe5 {[%emt 0:00:06]} Ne4 {[%emt 0:12:10]} 21. Qe6 {[%emt 0:02:40]} Qd7 {[%emt 0:00:27]} 22. Qxd7 {[%emt 0:00:22]} Rxd7 {[%emt 0:00:02]} 23. Nf2 {[%emt 0:01:25]} Ng5 {[%emt 0:01:02]} 24. Bf4 {[%emt 0:02:29]} c5 {[%emt 0:01:11]} 25. Be3 {[%emt 0:05:32]} Ne6 {[%emt 0:01:00]} 26. dxc5 {[%emt 0:01:02]} Nxc5 {[%emt 0:00:29]} 27. Rad1 {[%emt 0:00:18]} Na4 {[%emt 0:00:25]} 28. Nd3 {[%emt 0:02:47]} Rc8 {[%emt 0:02:02]} 29. Bd4 {[%emt 0:01:44]} Nc5 {[%emt 0:01:40]} 30. Nf4 {[%emt 0:08:16]} Na4 {[%emt 0:05:53]} 31. Rd2 {[%emt 0:00:52]} b5 {[%emt 0:00:24]} 32. Ng6 {[%emt 0:02:49]} Bd6 {[%emt 0:01:10]} 33. Be5 {[%emt 0:02:16]} Re8 {[%emt 0:03:34]} 34. Ree2 {[%emt 0:00:44]} Kh7 {[%emt 0:14:23]} 35. Bxd6 {[%emt 0:01:41]} Rxe2 {[%emt 0:00:16]} 36. Nf8+ {[%emt 0:00:42]} Kg8 {[%emt 0:00:05]} 37. Rxe2 {[%emt 0:00:03]} Rxd6 {[%emt 0:00:05]} 38. Ne6 {[%emt 0:00:20]} Nxb2 {[%emt 0:00:13]} 39. Nxg7 {[%emt 0:00:41]} Na4 {[%emt 0:01:23]} 40. Nf5 {[%emt 0:00:22]} Rd7 {[%emt 0:01:33]} 41. Nxh6+ {[%emt 0:02:05]} Kh7 {[%emt 0:00:25]} 42. Ng4 {[%emt 0:00:16]} Nxc3 {[%emt 0:00:12]} 43. Re6 {[%emt 0:03:55]} Ra7 {[%emt 0:00:14]} 44. a3 {[%emt 0:00:33]} a5 {[%emt 0:00:13]} 45. Rc6 {[%emt 0:01:34]} d4 {[%emt 0:00:33]} 46. Ne5 {[%emt 0:01:23]} b4 {[%emt 0:00:48]} 47. axb4 {[%emt 0:00:18]} a4 {[%emt 0:00:12]} 48. Nf3 {[%emt 0:01:00]} Nb5 {[%emt 0:00:43]} 49. Rc1 {[%emt 0:00:51]} a3 {[%emt 0:00:10]} 50. Nd2 {[%emt 0:00:26]} Nc3 {[%emt 0:00:15]} 51. Kf2 {[%emt 0:00:33]} a2 {[%emt 0:00:05]} 52. Nb3 {[%emt 0:00:14]} Ra3 {[%emt 0:00:38]} 53. Na1 {[%emt 0:00:05]} Ne4+ {[%emt 0:00:36]} 54. Ke1 {[%emt 0:00:46]} Re3+ {[%emt 0:00:55]} 55. Kd1 {[%emt 0:00:13]} d3 {[%emt 0:01:28]} 56. Nb3 {[%emt 0:00:57]} Re2 {[%emt 0:01:26]} 57. Rc4 {[%emt 0:00:52]} Nf2+ {[%emt 0:00:09]} 58. Kc1 {[%emt 0:00:02]} d2+ {[%emt 0:00:11]} 0-1

[Event "Elite Hotels Open 2019"]
[Site "Vaxjo"]
[Date "2019.02.09"]
[Round "6.7"]
[White "Olofsson-Dolk, Mattis"]
[Black "Cramling, Pia"]
[Result "0-1"]
[WhiteElo "2172"]
[BlackElo "2462"]
[Annotator "ChessBase"]
[PlyCount "82"]
[EventDate "2019.02.08"]
[EventType "swiss"]
[EventCountry "SWE"]
[SourceTitle "playchess.com"]
[Source "ChessBase"]
[SourceQuality "1"]
[TimeControl "5400+30"]

1. e4 {[%emt 0:00:00]} c5 {[%emt 0:00:00]} 2. Nf3 {[%emt 0:00:00]} e6 {[%emt 0:00:35]} 3. d4 {[%emt 0:00:00]} cxd4 {[%emt 0:00:04]} 4. Nxd4 {[%emt 0:00:00]} a6 {[%emt 0:00:14]} 5. Nc3 {[%emt 0:00:01]} Qc7 {[%emt 0:00:06]} 6. Bd3 {[%emt 0:00:13]} Nf6 {[%emt 0:00:12]} 7. O-O {[%emt 0:00:17]} d6 {[%emt 0:00:19]} 8. Kh1 {[%emt 0:01:03]} Nbd7 {[%emt 0:04:53]} 9. f4 {[%emt 0:01:35]} Be7 {[%emt 0:00:59]} 10. Qe2 {[%emt 0:01:19]} b5 {[%emt 0:00:47]} 11. Bd2 {[%emt 0:05:53]} Bb7 {[%emt 0:00:25]} 12. Rae1 {[%emt 0:00:46]} b4 {[%emt 0:01:38]} 13. Nd1 {[%emt 0:02:50]} Nc5 {[%emt 0:03:10]} 14. Nf2 {[%emt 0:05:40]} Nxd3 {[%emt 0:13:26]} 15. cxd3 {[%emt 0:00:22]} Qb6 {[%emt 0:02:01]} 16. Be3 {[%emt 0:05:19]} Qd8 {[%emt 0:00:21]} 17. Rc1 {[%emt 0:01:42]} Qd7 {[%emt 0:04:42]} 18. b3 {[%emt 0:13:51]} O-O {[%emt 0:03:09]} 19. f5 {[%emt 0:05:02]} e5 {[%emt 0:06:14]} 20. Nf3 {[%emt 0:00:19]} Rfc8 {[%emt 0:01:03]} 21. Bg5 {[%emt 0:05:51]} a5 {[%emt 0:08:07]} 22. Bxf6 {[%emt 0:04:41]} Bxf6 {[%emt 0:00:22]} 23. Ng4 {[%emt 0:00:11]} Be7 {[%emt 0:11:51]} 24. Ne3 {[%emt 0:00:51]} Qb5 {[%emt 0:01:24]} 25. Rc4 {[%emt 0:06:43]} Re8 {[%emt 0:08:07]} 26. Rfc1 {[%emt 0:03:00]} Rad8 {[%emt 0:01:03]} 27. Rc7 {[%emt 0:08:56]} Bxe4 {[%emt 0:04:26]} 28. Ne1 {[%emt 0:12:02]} Bb7 {[%emt 0:04:14]} 29. Qg4 {[%emt 0:01:24]} f6 {[%emt 0:09:37]} 30. Qc4+ {[%emt 0:03:08]} Qxc4 {[%emt 0:00:07]} 31. Nxc4 {[%emt 0:00:27]} Bd5 {[%emt 0:03:00]} 32. Nb6 {[%emt 0:00:51]} Bf7 {[%emt 0:00:15]} 33. Ra7 {[%emt 0:00:54]} Rb8 {[%emt 0:00:35]} 34. Nc4 {[%emt 0:00:56]} Rbc8 {[%emt 0:01:05]} 35. Rc2 {[%emt 0:02:03]} Bf8 {[%emt 0:03:58]} 36. Rxa5 {[%emt 0:02:53]} d5 {[%emt 0:00:15]} 37. Ne3 {[%emt 0:02:28]} Rxc2 {[%emt 0:01:06]} 38. N1xc2 {[%emt 0:00:02]} Rc8 {[%emt 0:00:58]} 39. g3 {[%emt 0:01:40]} Rc3 {[%emt 0:00:38]} 40. Ra8 {[%emt 0:03:43]} d4 {[%emt 0:00:32]} 41. Nc4 {[%emt 0:01:01]} Bd5+ {[%emt 0:00:13]} 0-1